000 00403pab a2200157 454500
008 180718b2013 xxu||||| |||| 00| 0 eng d
100 _aBenohr, Iris
245 _aConsumer dispute resolution after the Lisbon Treaty: Collective actions
260 _c2013
300 _ap.87-110.
362 _aMar
650 _aConsumers
773 _aJournal of Consumer Policy
908 _aN
909 _a101307
999 _c101306
_d101306